Aportación humana de la Orden de Santo Domingo a la evangelización de América (1600-1668). Una aproximación (Record no. 753361)
[ view plain ]
| 000 -CABECERA | |
|---|---|
| Campo de control de longitud fija | 00694naa a2200145Ia 4500 |
| 003 - IDENTIFICADOR DEL NÚMERO DE CONTROL | |
| Campo de control | ES-SlBCS |
| 005 - FECHA Y HORA DE LA ÚLTIMA TRANSACCIÓN | |
| Campo de control | 20210601151204.0 |
| 008 - CÓDIGOS DE INFORMACIÓN DE LONGITUD FIJA | |
| Campo de control de longitud fija | 140520s1990 xxu||||| |||| 00| 0 spa d |
| 041 ## - CÓDIGO DE LENGUA | |
| Código de lengua del texto/banda sonora o título independiente | spa |
| 100 1# - PUNTO DE ACCESO PRINCIPAL-NOMBRE DE PERSONA | |
| Nombre de persona | Galán García, Agustín |
| 9 (RLIN) | 5201 |
| 245 00 - MENCIÓN DE TÍTULO | |
| Título | Aportación humana de la Orden de Santo Domingo a la evangelización de América (1600-1668). Una aproximación |
| Mención de responsabilidad, etc. | Agustín Galán García |
| 610 24 - PUNTO DE ACCESO ADICIONAL DE MATERIA-NOMBRE DE ENTIDAD CORPORATIVA | |
| Nombre de entidad corporativa o nombre de jurisdicción como elemento inicial | Dominicos-América |
| 9 (RLIN) | 331057 |
| 773 0# - ENLACE AL DOCUMENTO FUENTE | |
| Título | Los Dominicos y el Nuevo Mundo. Actas del II Congreso Internacional sobre Los Dominicos y el Nuevo Mundo : Salamanca, 28 de marzo - 1 de abril de 1989 / José Barrado Barquilla |
| Lugar, editor y fecha de publicación | Salamanca : San Esteban, 1990 |
| Parte(s) relacionada(s) | , págs. 823-833 |
| Número de control del registro relacionado | VA38592 |
| 942 ## - ENTRADA DE ELEMENTOS AGREGADOS (KOHA) | |
| Koha [por defecto] tipo de item | Artículo de colaboración |
| Suprimido | Perdido | Estropeado | No para préstamo | Localización permanente | Localización actual | Localización en estantería | Fecha adquisición | Préstamos totales | Signatura completa | Fecha última consulta | Fecha del precio de reemplazo | Tipo de item de Koha |
|---|---|---|---|---|---|---|---|---|---|---|---|---|
| San Esteban | San Esteban | Depósito de libros | 11/07/2014 | 57/A2 | 11/07/2014 | 11/07/2014 | Artículo de colaboración |
